000
00281nam a2200121Ia 4500
008
190216s9999||||xx |||||||||||||| ||und||
100
_a
Sinha R P N
245
0
_a
Our Trees
260
_b
Publications Division Govt. Of India
_c
1989
300
_a
52p
650
_a
Botany
942
_c
BK
999
_c
1115
_d
1115